000 00294nam a2200121Ia 4500
008 220216s9999 xx 000 0 und d
100 _aRaghavan K K
245 0 _aRubber cultivation in Orissa
260 _bRubber Board Bulletin
_c2009
300 _a27-30
700 _aNazeer M A
942 _cBS
999 _c50772
_d50772